00563 2200205 4500001002100000005001700021008004100038020001800079035002500097090001800122100002000140245003500160250002200195260003500217300003200252500002700284650001700311850001200328990001700340INLIS00000000000803420150714090154.0 ind  a979-8031-14-8 a0010-071500000000717 a636.08bMud M aMudjiman, Ahmad aMakanan ikanc/ Ahmad Mudjiman aEd. rev., cet. 19 aJakartabPenebat Swadayac2008 a190 hlm. :bilus. ;c21 cm. aBibliografi : hlm. 187 aMakanan ikan aYOPDYOG a0881-PK/A.09